Modelo agrícola e impacto socio-ambiental en la Argentina : monocultivo y agronegocios /

Saved in:
書目詳細資料
主要作者: Carrasco, Andrés E. (autor.)
其他作者: Sánchez, Norma E. (autora.), Tamagno, Liliana E. (autora.)
格式: 雜誌
語言:西班牙语
出版: La Plata : AUGM-Comité de Medio Ambiente, 2012.
叢編:Sociedad y Ambiente: Reflexiones para una nueva América Latina ; 1.
主題:
在線閱讀:https://elibro.unach.elogim.com/es/lc/unach/titulos/84711
標簽: 添加標簽
沒有標簽, 成為第一個標記此記錄!

MARC

LEADER 00000nas a2200000 i 4500
001 ELB84711
003 FINmELB
005 20250220803000.5
006 m o d |
007 cr cnu||||||||
008 250125c20129999ag uu p o 0 0spa d
022 |a 2314-1743 
035 |a (OCoLC)1501046639 
040 |a FINmELB  |b spa  |e rda  |c FINmELB 
050 4 |a S475.A7  |b C313 2012 
080 |a 338.43(82) 
082 0 4 |a 338.10982  |2 23 
100 1 |a Carrasco, Andrés E.,  |e autor. 
245 1 0 |a Modelo agrícola e impacto socio-ambiental en la Argentina :  |b monocultivo y agronegocios /  |c Andrés E. Carrasco, Norma E. Sánchez, Liliana E. Tamagno. 
264 1 |a La Plata :  |b AUGM-Comité de Medio Ambiente,  |c 2012. 
336 |a texto  |b txt  |2 rdacontent/spa 
337 |a computadora  |b c  |2 rdamedia/spa 
338 |a recurso en línea  |b cr  |2 rdacarrier/spa 
362 0 |a no. 2, vol. 40 (Agosto 2012). 
490 1 |a Sociedad y Ambiente: Reflexiones para una nueva América Latina ;  |v 1 
580 |a Descripción basada en Modelo agrícola e impacto socio-ambiental en la Argentina: monocultivo y agronegocios, no. 2, vol. 40 (Agosto 2012)., P. 152. 
588 |a Descripción basada en metadatos suministrados por el editor y otras fuentes. 
590 |a Recurso electrónico. Santa Fe, Arg.: elibro, 2025. Disponible vía World Wide Web. El acceso puede estar limitado para las bibliotecas afiliadas a elibro. 
650 4 |a Agricultura  |z Argentina. 
655 4 |a Revistas electrónicas. 
700 1 |a Sánchez, Norma E.,  |e autora. 
700 1 |a Tamagno, Liliana E.,  |e autora. 
773 1 |t Modelo agrícola e impacto socio-ambiental en la Argentina: monocultivo y agronegocios.  |x ISSN2314-1743  |d La Plata : AUGM-Comité de Medio Ambiente.  |g no. 2, vol. 40 (Agosto 2012)., p. 152 
797 2 |a elibro, Corp. 
830 0 |a Sociedad y Ambiente: Reflexiones para una nueva América Latina ;  |v 1. 
856 4 0 |u https://elibro.unach.elogim.com/es/lc/unach/titulos/84711